Statistics for NBA 2k cover athletes

Click here to take the quiz!

General Stats

  • This quiz has been taken 282 times
  • The average score is 5 of 16

Answer Stats

HintAnswer% Correct
SF 17paul george
91%
PG 16stephen curry
73%
SF 15Kevin Durant
70%
SF 14LeBron james
68%
PG 13Derrick rose
43%
SG 12Michael Jordan
33%
SG 11Michael Jordan
33%
SG 10Kobe Bryant
31%
SG 1Allen Iverson
24%
PF 9Kevin Garnett
22%
SG 3Allen Iverson
16%
PG 8Chris Paul
13%
C 5Ben wallace
7%
C 7Shaq Oneal
5%
C 6Shaq Oneal
3%
SG 2Alen Iverson
1%

Score Distribution

Percentile by Number Answered

Percent of People with Each Score

Your Score History

You have not taken this quiz